00993nam a2200289Ia 450000500170000000800390001702000190005610000320007524501020010725000180020930000610022749000130028865000420030165000460034365000350038965000330042470000280045770000240048594200150050926400300052433600270055433700330058133800280061404000350064208400110067799900150068820220317001141.0160825s2008 sp a g 000 0 spa a978842613190121 aLindgren, Astridd1907-200210aPippi calzaslargascAstrid Lindgren ; ilustraciones Richard Kennedy ; traducción de Blanca Rios a6a. edición a137 páginasbilustraciones en blanco y negroc22 cmb  aJuventud142LEMBaNovela infantil suecaySiglo XX142LEMBaLiteratura infantil suecaySiglo XX142LEMBaNiñas en la literatura142LEMBaHistorias de aventuras1 aKennedy, Richard9163651 aRios, Blanca966835 2loccBKINF aBarcelonabJuventudc2008 atextobtxt2rdacontent asin mediaciónbn2rdamedia avolumenbnc2rdacarrier aCO-BoRNBPbspaerdacCO-BoRNBP aN LIN3 c6078d6078